00349nam a22001457a 4500003000400000020001800004082001700022100001700039245004400056250001300100260004600113300000800159650001400167700002200181SGT a9789366165585 a616.07bP25M aMohan, Harsh aPractical Pathology for Dental Students a3rd Ed.  aNew Delhi, IndiabJaypee Publishersc2025 a143 aPathology aMojgani. Sugandha